[Event "AUTO-OPEN-1942"]
[Site "http://www.queenalice.com/game.php?id=759326"]
[Date "2010.4.11"]
[Round "1"]
[White "karpovl"]
[Black "bestofyou"]
[Result "0-1"]
[WhiteElo "1542"]
[BlackElo "1469"]

1. e4 c6 2. e5 d5 3. d4 f6 4. exf6 Nxf6 5. Nf3 Bg4 6. Be2 Nbd7 7. Ne5 Bxe2 8.
Qxe2 Qc7 9. Bf4 Qb6 10. b3 Qxd4 11. c3 Qxf4 12. Nd3 Qd6 13. b4 a6 14. Nc5 Nxc5
15. bxc5 Qxc5 16. O-O O-O-O 17. Qe3 Qd6 18. Nd2 Ng4 19. Qh3 Qd7 20. f3 Ne3 21.
Rfc1 Qxh3 22. gxh3 e6 23. Nf1 Bc5 24. Nxe3 Bxe3+ 25. Kf1 Bxc1 26. Rxc1 Rhf8 27.
Kg2 Rd7 28. Rc2 Rdf7 29. Rf2 Rf4 30. Kg3 Ra4 31. Re2 Kd7 32. h4 Rff4 33. Rc2
Rxh4 0-1

[Event "AUTO-OPEN-1942"]
[Site "http://www.queenalice.com/game.php?id=759327"]
[Date "2010.4.11"]
[Round "1"]
[White "bestofyou"]
[Black "karpovl"]
[Result "0-1"]
[WhiteElo "1649"]
[BlackElo "1510"]

1. d4 d5 2. c4 e6 3. Nc3 Bb4 4. Nf3 dxc4 5. a3 Bxc3+ 6. bxc3 c6 7. a4 a5 8. Rb1
Ne7 9. e4 e5 10. Nxe5 O-O 11. Bxc4 Be6 12. Bxe6 fxe6 13. Rxb7 Ng6 14. Qb3 Qf6
15. Nf3 Nh4 16. Nxh4 Qxf2+ 17. Kd1 Qxh4 18. Qxe6+ Kh8 19. Qe7 Qh5+ 20. Kd2 Rf2+
0-1

[Event "AUTO-OPEN-1942"]
[Site "http://www.queenalice.com/game.php?id=759340"]
[Date "2010.4.11"]
[Round "1"]
[White "proficio"]
[Black "bestofyou"]
[Result "1-0"]
[WhiteElo "2104"]
[BlackElo "1705"]

1. e4 c6 2. d4 d5 3. e5 Bf5 4. Nf3 e6 5. Bg5 Be7 6. Bxe7 Nxe7 7. Bd3 Nd7 8. O-O
O-O 9. Nh4 Qb6 10. Bxf5 Qxb2 11. Bxh7+ Kxh7 12. Qd3+ g6 13. Nd2 b6 14. Rfb1 Nxe5
15. dxe5 Qxe5 16. Qh3 Kg7 17. Nhf3 Qc3 18. Rc1 Rh8 19. Qg4 Rh6 20. Qd4+ Qxd4 21.
Nxd4 Rah8 22. h3 g5 23. f3 Kf6 24. Kf2 e5 25. Ne2 Ke6 26. Ng1 f5 27. Re1 Kd6 28.
Rad1 b5 29. c4 a6 30. Re3 f4 31. Ra3 1-0

[Event "AUTO-OPEN-1942"]
[Site "http://www.queenalice.com/game.php?id=759341"]
[Date "2010.4.11"]
[Round "1"]
[White "bestofyou"]
[Black "proficio"]
[Result "0-1"]
[WhiteElo "1683"]
[BlackElo "2071"]

1. d4 c5 2. d5 Nf6 3. Nf3 b6 4. c4 b5 5. cxb5 Qa5+ 6. Nc3 Ne4 7. Qd3 Nxc3 8.
Qxc3 Qxb5 9. e4 Qb6 10. Bf4 Bb7 11. Bd3 d6 12. O-O Nd7 13. Rfe1 f6 14. Rab1 Qc7
15. b4 Rb8 16. Rec1 Bc8 17. bxc5 Rxb1 18. Rxb1 Qxc5 19. Qxc5 Nxc5 20. Rb8 Kd8
21. Be3 Kc7 22. Rb1 Nxd3 23. Bxa7 Nc5 0-1

[Event "AUTO-OPEN-1944"]
[Site "http://www.queenalice.com/game.php?id=760233"]
[Date "2010.4.13"]
[Round "1"]
[White "yugioh1"]
[Black "bestofyou"]
[Result "0-1"]
[WhiteElo "1395"]
[BlackElo "1690"]

1. e4 c6 2. Nf3 d5 3. exd5 cxd5 4. d4 Nc6 5. Bd3 Bg4 6. Be3 e5 7. dxe5 Bxf3 8.
Qxf3 Nxe5 9. Qe2 Nf6 10. Bf5 g6 11. Bh3 Bg7 12. Bxa7 Nd7 13. Bd4 Qe7 0-1

[Event "AUTO-OPEN-1944"]
[Site "http://www.queenalice.com/game.php?id=760234"]
[Date "2010.4.13"]
[Round "1"]
[White "bestofyou"]
[Black "yugioh1"]
[Result "1-0"]
[WhiteElo "1684"]
[BlackElo "1395"]

1. d4 d5 2. c4 e6 3. Nc3 Nf6 4. Bg5 Be7 5. e3 O-O 6. Nf3 dxc4 7. Bxc4 Ng4 8.
Bxe7 Qxe7 9. h3 Nf6 10. O-O Qd6 11. Nb5 Qc6 12. Rc1 Qe8 13. Nxc7 Qc6 14. Nxa8
1-0

[Event "AUTO-OPEN-1944"]
[Site "http://www.queenalice.com/game.php?id=760255"]
[Date "2010.4.13"]
[Round "1"]
[White "bestofyou"]
[Black "Antunesbruno"]
[Result "0-1"]
[WhiteElo "1684"]
[BlackElo "1810"]

1. d4 Nf6 2. c4 g6 3. Nc3 Bg7 4. e4 d6 5. f3 O-O 6. Be3 Nc6 7. Nge2 a5 8. d5 Ne5
9. Ng3 e6 10. Be2 b6 11. O-O Ba6 12. b3 Rc8 13. a4 exd5 14. exd5 Ne8 15. Nge4 f5
16. Ng5 Rf6 17. h3 f4 0-1

[Event "AUTO-OPEN-1944"]
[Site "http://www.queenalice.com/game.php?id=760256"]
[Date "2010.4.13"]
[Round "1"]
[White "Antunesbruno"]
[Black "bestofyou"]
[Result "1-0"]
[WhiteElo "1821"]
[BlackElo "1673"]

1. d4 d5 2. c4 e6 3. Nc3 c6 4. e3 Bd7 5. Nf3 b6 6. cxd5 exd5 7. Bd3 Bb4 8. O-O
Nf6 9. Bd2 O-O 10. Rc1 Bxc3 11. Rxc3 Bg4 12. h3 Bh5 13. Be2 Bg6 14. Ne5 Qe8 15.
f3 Bf5 16. Qc1 Bd7 17. Nxd7 1-0

[Event "AUTO-OPEN-1944"]
[Site "http://www.queenalice.com/game.php?id=760257"]
[Date "2010.4.13"]
[Round "1"]
[White "bestofyou"]
[Black "AJEDREZ_CLEVERTON"]
[Result "0-1"]
[WhiteElo "1564"]
[BlackElo "1863"]

1. d4 d5 2. c4 dxc4 3. Nf3 Nf6 4. e3 e6 5. Bxc4 Be7 6. a3 c5 7. Nc3 a6 8. a4 b6
9. O-O Bb7 10. Re1 O-O 11. e4 cxd4 12. Nxd4 Qc7 13. Ba2 Rd8 14. f3 e5 15. Qb3
exd4 16. Qxf7+ Kh8 17. Nd5 Bxd5 18. exd5 Bd6 19. Qxc7 Bxc7 20. Bg5 Nbd7 21. Re7
Bd6 22. Re6 Bc5 23. Rb1 a5 24. Kf1 Re8 25. Rbe1 h6 26. Bd2 Nf8 27. Rxe8 Rxe8 28.
Rb1 Rd8 29. b4 axb4 30. Bxb4 Nxd5 31. Bxc5 bxc5 32. Rc1 Nc3 33. Bb3 Ra8 34. Ke1
Nxa4 35. Ra1 Nb6 36. Rxa8 Nxa8 37. Kd2 Nb6 38. Kd3 Nfd7 39. f4 g6 40. g3 Kg7 41.
Be6 Kf6 42. Bxd7 Nxd7 43. Ke4 Nb6 44. h4 h5 45. Kd3 Kf5 0-1

[Event "AUTO-INT-1691"]
[Site "http://www.queenalice.com/game.php?id=771053"]
[Date "2010.5.5"]
[Round "1"]
[White "Givanildo"]
[Black "bestofyou"]
[Result "0-1"]
[WhiteElo "1493"]
[BlackElo "1661"]

1. e4 c6 2. Bc4 d5 3. exd5 cxd5 4. Bb5+ Nc6 5. a4 a6 6. Bd3 Qc7 7. g3 Nf6 8. f3
Nb4 9. Bf1 Nxc2+ 10. Kf2 Nxa1 11. Nc3 d4 12. Nb5 axb5 13. Bxb5+ Bd7 14. Bxd7+
Nxd7 15. d3 Nc2 16. b3 Qc3 17. Bd2 Qxd3 18. Kg2 Qxb3 19. Qe2 Rxa4 20. Nh3 Ne3+
21. Kf2 Ra2 22. Rc1 Nb6 23. Rc7 e5 24. Rxb7 Bd6 25. Ng5 O-O 26. Ne4 Ba3 27. Qe1
Nec4 28. Kg2 f5 29. Ng5 Rxd2+ 30. Kh3 Qc2 31. Kh4 Rxh2+ 32. Nh3 h6 33. f4 e4 34.
Ra7 Kh7 35. Rc7 Qg2 36. Rxg7+ Kxg7 37. g4 Qxh3# 0-1

[Event "AUTO-INT-1691"]
[Site "http://www.queenalice.com/game.php?id=771054"]
[Date "2010.5.5"]
[Round "1"]
[White "bestofyou"]
[Black "Givanildo"]
[Result "0-1"]
[WhiteElo "1682"]
[BlackElo "1502"]

1. d4 d5 2. c4 dxc4 3. Nf3 f6 4. Bf4 Na6 5. e4 g5 6. Bg3 h5 7. h3 h4 8. Bh2 g4
9. hxg4 Bxg4 10. Qa4+ c6 11. Qxc4 e6 12. Nfd2 Bd6 13. f3 Bh5 14. Qxe6+ Be7 15.
Bxa6 bxa6 16. Qxc6+ Kf8 17. Qxa6 Rc8 18. O-O Qxd4+ 19. Kh1 h3 20. Qxc8+ Bd8 21.
Qxh3 Qd3 22. g4 Ba5 23. gxh5 Bxd2 24. Nxd2 Qxd2 25. Rad1 Qxb2 26. Rd7 Ne7 27.
Bd6 Rh7 28. Qe6 Rxh5+ 29. Kg1 Rg5+ 30. Kh1 Qg2# 0-1

[Event "AUTO-INT-1691"]
[Site "http://www.queenalice.com/game.php?id=771071"]
[Date "2010.5.5"]
[Round "1"]
[White "bestofyou"]
[Black "FranzMeM"]
[Result "1-0"]
[WhiteElo "1696"]
[BlackElo "1510"]

1. d4 d5 2. c4 dxc4 3. Nf3 f6 4. Bf4 e6 5. a3 Nc6 6. e3 Bd6 7. Bxd6 Qxd6 8. Bxc4
h6 9. Nc3 a6 10. Ne4 Qd8 11. O-O b5 12. Ba2 f5 13. Nc5 Qe7 14. Rc1 Bd7 15. Qb3
Na5 16. Qc3 Nc6 17. b4 Nf6 18. Nh4 Ne4 19. Nxe4 Qxh4 20. Nc5 Qe7 21. Nxd7 Qxd7
22. Qxc6 Qxc6 23. Rxc6 Kd7 24. Rfc1 Ra7 25. Bxe6+ Kd8 26. Bxf5 h5 27. R1c5 h4
28. Rd5+ Ke8 29. Rdc5 Kd8 30. d5 Rf8 31. Bg4 Rf7 32. e4 Rf4 33. f3 Rf7 34. Kf2
g5 35. g3 hxg3+ 36. hxg3 Rh7 37. Kg2 Re7 38. Rg6 Re5 39. Rcc6 Ke7 40. Rce6+ Rxe6
41. Bxe6 a5 42. Rxg5 axb4 43. axb4 Kf6 44. Rf5+ Ke7 45. e5 Ra2+ 46. Kh3 Rb2 47.
Rf7+ Kd8 48. Rf4 Rd2 49. Kg4 Ke7 50. Kf5 Rd3 51. Ke4 Rd1 52. Rf7+ Kd8 53. Rd7+
Kc8 54. Kf5 Rd3 55. f4 Rxg3 56. Rg7+ 1-0

[Event "AUTO-INT-1691"]
[Site "http://www.queenalice.com/game.php?id=771072"]
[Date "2010.5.5"]
[Round "1"]
[White "FranzMeM"]
[Black "bestofyou"]
[Result "0-1"]
[WhiteElo "1550"]
[BlackElo "1641"]

1. e4 c6 2. Nf3 d5 3. d3 dxe4 4. dxe4 Bg4 5. Bc4 Qxd1+ 6. Kxd1 Nd7 7. h3 Bxf3+
8. gxf3 Ne5 9. b3 Nxf3 10. Bf4 e5 11. Bxe5 Nxe5 12. Nd2 Bb4 13. Bd3 O-O-O 14. a3
Bc3 15. Ra2 Nxd3 16. cxd3 Rxd3 17. f4 Nf6 18. Ke2 Rhd8 19. Rd1 Rxh3 20. e5 Ng4
21. b4 Rdd3 22. f5 Rde3+ 23. Kf1 Rh1+ 0-1

[Event "AUTO-INT-1691"]
[Site "http://www.queenalice.com/game.php?id=771073"]
[Date "2010.5.5"]
[Round "1"]
[White "bestofyou"]
[Black "rootgauss"]
[Result "1-0"]
[WhiteElo "1676"]
[BlackElo "1414"]

1. d4 d5 2. c4 dxc4 3. Nf3 Nf6 4. e3 Nd5 5. Bxc4 Bg4 6. Qa4+ c6 7. Bxd5 e6 8.
Ne5 Bf5 9. Bxc6+ Nxc6 10. Nxc6 bxc6 11. Qxc6+ Ke7 12. Nc3 g5 13. e4 1-0

[Event "AUTO-INT-1691"]
[Site "http://www.queenalice.com/game.php?id=771074"]
[Date "2010.5.5"]
[Round "1"]
[White "rootgauss"]
[Black "bestofyou"]
[Result "1-0"]
[WhiteElo "1592"]
[BlackElo "1705"]

1. e4 c6 2. d4 d5 3. e5 Bf5 4. Bd3 Qc8 5. Nf3 f6 6. O-O Bg4 7. Be2 Bxf3 8. Bxf3
e6 9. exf6 Nxf6 10. Be3 Bd6 11. Nc3 Qc7 12. g3 O-O 13. Bg5 Nbd7 14. Bg2 Qb6 15.
Rb1 a6 16. Qe2 Rae8 17. Rfe1 Qxd4 18. Bh3 h6 19. Rbd1 Qb6 20. Bc1 Ne5 21. Bf4
Nc4 22. Bxe6+ Kh8 23. b3 Bxf4 24. bxc4 Bd6 25. cxd5 Nh5 26. Qd3 1-0